Guess the Tv Show by Main Characters Name - Statistics

General Stats
  • This quiz has been taken 134 times
  • The average score is 14 of 36
Answer Stats
Hint Answer % Correct
Homer Simpson The Simpsons
90%
Eleven Stranger Things
86%
Walter White Breaking Bad
77%
Jerry Seinfeld Seinfeld
69%
Meredith Grey Greys Anatomy
68%
Michael Scott The Office
68%
Rachel Greene Friends
66%
Ted Lasso Ted Lasso
64%
Tony Soprano The Sopranos
63%
Lorelai Gilmore Gilmore Girls
62%
Saul Goodman Better Call Saul
59%
Fiona Gallagher Shameless
53%
Daenerys Targaryen Game of Thrones
51%
Claire Dunphy Modern Family
51%
Serena Vanderwoodsen Gossip Girl
45%
Gregory House House
45%
Joe Goldberg You
41%
Harvey Specter Suits
37%
Aria Montgomery Pretty Little Liars
33%
Leslie Knope Parks and Recreation
30%
Rachel Berry Glee
25%
Piper Chapman Orange is the New Black
25%
Sam Malone Cheers
24%
Belly Conklin The Summer I Turned Pretty
24%
Fallon Carrington Dynasty
21%
Hawkeye Pierce Mash
21%
Chanel Oberlin Scream Queens
18%
Jack Sheperd Lost
17%
Olivia Benson Law and Order SVU
16%
Michael Buth Arrested Development
15%
Kendall Roy Succession
14%
Tony Stonem Skins
12%
Alicia Florrick The Good Wife
10%
Callie Jacob The Fosters
6%
Jen Harding Dead To Me
5%
Emma Nelson Degrassi
5%
No matching quizzes found
Score Distribution
Percent of People with Each Score
Percentile by Number Answered
Your Score History
You have not taken this quiz